Largest cities close to 0, 0 on a map - Statistics

General Stats
  • This quiz has been taken 10 times
  • The average score is 32 of 50
Answers on the Map
Answers color-coded by a green-red scale on the quiz's map according to % correct below.
 
Answer Stats
city % Correct
Dakar
100%
Lagos
100%
Addis Ababa
89%
Brazzaville
89%
Dar es Salaam
89%
Freetown
89%
Kampala
89%
Khartoum
89%
Kinshasa
89%
Ouagadougou
89%
Abidjan
78%
Abuja
78%
Accra
78%
Conakry
78%
Lilongwe
78%
Mombasa
78%
Recife
78%
Salvador
78%
Yamoussoukro
78%
Bamako
67%
Cotonou
67%
Ibadan
67%
Kano
67%
Kigali
67%
Libreville
67%
Lubumbashi
67%
Lusaka
67%
Monrovia
67%
Niamey
67%
Nouakchott
67%
Windhoek
67%
Zanzibar
67%
Banjul
56%
Benin City
56%
Bujumbura
56%
Douala
56%
Fortaleza
56%
Lome
56%
Natal
56%
Port Harcourt
56%
Porto-Novo
56%
Yaoundé
56%
Blantyre
44%
Kumasi
44%
Mbuji-Mayi
44%
Aracaju
22%
Khartoum North
22%
Maiduguri
22%
Abeokuta
0%
Sagamu
0%
No matching quizzes found
Score Distribution
Percent of People with Each Score
Percentile by Number Answered
Your Score History
You have not taken this quiz